000 00915nas a2200253 454500
001 23724
005 20260407193506.0
008 260407s1987####ag###########|||spa#d
003 AR-UNSa-BCEJYS
040 _aAR-UNSa-BCEJYS
_bspa
_cAR-UNSa-BCEJYS
080 _a336.76
_xBolsa. Mercado del dinero. Mercado del capital
245 1 0 _aRevista del Instituto Argentino de Mercado de Capitales
264 1 _aBuenos Aires :
_bInstituto Argentino de Mercado de Capitales
_c1987
310 _aFrecuencia: Cuatrimestral
041 _aspa
942 _cSER
590 _aniveau_biblio:s niveau_hierar:1
100 1 _aInstituto Argentino de Mercado de Capitales
700 1 _aTavelli, Guido C.M.
650 _aMercado financiero
650 _aMERCADOS DE CAPITALES
650 _aFINANCIAMIENTO
856 4 1 _uhttps://biblioeco.unsa.edu.ar/pmb/images/revistas/Wall Street(operacion rescate).jpg
_yImagen de portada
_qimage/jpeg
999 _c8564
_d8564